Biggest sources of immigrants to Iowa - Statistics

General Stats
  • This quiz has been taken 25 times
  • The average score is 7 of 10
Answer Stats
Hint Answer % Correct
42,285 Mexico
96%
4,426 Germany
83%
2,623 Canada
78%
6,008 China
78%
11,993 India
70%
6,205 Vietnam
65%
2,741 Cuba
57%
5,207 Korea
57%
5,914 El Salvador
52%
4,535 Philippines
52%
No matching quizzes found
Score Distribution
Percent of People with Each Score
Percentile by Number Answered
Your Score History
You have not taken this quiz